Los secretos industriales y el Know How (Registro nro. 118)

Detalles MARC
000 -LEADER
fixed length control field 01351 a2200241 4500
001 - CONTROL NUMBER
control field 149
005 - DATE AND TIME OF LATEST TRANSACTION
control field 20260407155413.0
008 - FIXED-LENGTH DATA ELEMENTS--GENERAL INFORMATION
fixed length control field 260407a2007 arg spa d
003 - CONTROL NUMBER IDENTIFIER
control field AR-UNSa-BCEJYS
040 ## - CATALOGING SOURCE
Original cataloging agency AR-UNSa-BCEJYS
Language of cataloging spa
Transcribing agency AR-UNSa-BCEJYS
080 ## - UNIVERSAL DECIMAL CLASSIFICATION NUMBER
Universal Decimal Classification number 347.779
Common auxiliary subdivision Organización administrativa de la propiedad industrial
020 ## - INTERNATIONAL STANDARD BOOK NUMBER
International Standard Book Number 978-987-03-1092-1
041 ## - LANGUAGE CODE
Language code of text/sound track or separate title spa
100 1# - MAIN ENTRY--PERSONAL NAME
Personal name Kors, Jorge A.
245 10 - TITLE STATEMENT
Title Los secretos industriales y el Know How
250 ## - EDITION STATEMENT
Edition statement 1a. ed
264 #1 - PRODUCTION, PUBLICATION, DISTRIBUTION, MANUFACTURE, AND COPYRIGHT NOTICE
Place of production, publication, distribution, manufacture Buenos Aires :
Name of producer, publisher, distributor, manufacturer Universidad de Buenos Aires. Facultad de Derecho
Date of production, publication, distribution, manufacture, or copyright notice 2007
300 ## - PHYSICAL DESCRIPTION
Extent 150 p.
Dimensions 24 cm
505 ## - FORMATTED CONTENTS NOTE
Formatted contents note 1. La innovación Tecnologíca - 2. Análisis y estructura del secreto industrial - 3. Naturaleza jurídica del secreto industrial - 4. Derechos subjetivos y propiedad en materia de derechos intelectuales - 5. Doctrina y jurisprudencia referidos a la naturaleza jurídica del secreto industrial - 6. Protección del secreto industrial - 7. Protección internacional del secreto industrial - 8. Legislación argentina, Competencia desleal, lealtad comercial, ley de confidencialidad, sanciones penales - 9. Conclusiones finales.
590 ## - LOCAL NOTE (RLIN)
Local note niveau_biblio:m niveau_hierar:0
856 41 - ELECTRONIC LOCATION AND ACCESS
Uniform Resource Identifier <a href="https://biblioeco.unsa.edu.ar/pmb/images/libros/Los secretos industriales y el know how2-l117334.jpg">https://biblioeco.unsa.edu.ar/pmb/images/libros/Los secretos industriales y el know how2-l117334.jpg</a>
Link text Imagen de portada
Electronic format type image/jpeg
942 ## - ADDED ENTRY ELEMENTS (KOHA)
Koha item type
Existencias
Withdrawn status Lost status Damaged status Not for loan Home library Current library Shelving location Date acquired Total checkouts Full call number Barcode Date last seen Price effective from Koha item type
        Biblioteca Prof. Eusebio Cleto del Rey Biblioteca Prof. Eusebio Cleto del Rey   07/04/2026   347.779 K84 L117334 07/04/2026 07/04/2026 Libro